000 00579nam a22001937a 4500
008 130228t xxu||||| |||| 00| 0 eng d
020 _a9-7814-0575-53
082 _222 ed .
_a344.0105
_bSLA
100 _ajustice Slade DBE
_96949
245 _aTolley's employment Handbook /
_cJustice Slade DBE
250 _a25 ed .
260 _aUK :
_bLexis Nexis
_c 2011
300 _aclxii, 1341 P . ;
_c23cm
500 _aIncludes Index
650 _a Employment Handbook
_96950
650 _a Employment
_96951
650 _aTolley's employment Handbook
_96952
942 _2ddc
_cBK
999 _c5283
_d5283